<?xml version="1.0" encoding="UTF-8"?>
<marc:record xmlns:marc="http://www.loc.gov/MARC21/slim">
   <marc:leader>00000nam a2200000 a 4500</marc:leader>
   <marc:datafield ind1="1" ind2=" " tag="100">
      <marc:subfield code="a">Lipton, Bruce</marc:subfield>
      <marc:subfield code="4">aut</marc:subfield>
      <marc:subfield code="e">Verfasser/-in</marc:subfield>
   </marc:datafield>
   <marc:datafield ind1=" " ind2=" " tag="653">
      <marc:subfield code="a">Video / Ratgeber/Gesundheit/Schwangerschaft</marc:subfield>
   </marc:datafield>
   <marc:datafield ind1=" " ind2=" " tag="653">
      <marc:subfield code="a">Geburt</marc:subfield>
   </marc:datafield>
   <marc:datafield ind1=" " ind2=" " tag="653">
      <marc:subfield code="a">Säuglinge</marc:subfield>
   </marc:datafield>
   <marc:datafield ind1="0" ind2="0" tag="245">
      <marc:subfield code="a">Wie wir werden, was wir sind</marc:subfield>
   </marc:datafield>
   <marc:datafield ind1="0" ind2="0" tag="245">
      <marc:subfield code="b">Eltern sind wichtiger als Gene - wie unser Bewusstsein das Wesen unserer Kinder bestimmt</marc:subfield>
   </marc:datafield>
   <marc:datafield ind1="0" ind2="0" tag="245">
      <marc:subfield code="c">Bruce Lipton</marc:subfield>
   </marc:datafield>
   <marc:datafield ind1=" " ind2="1" tag="264">
      <marc:subfield code="a">Isen, Oberbay</marc:subfield>
      <marc:subfield code="b">KOHA-Verlag</marc:subfield>
      <marc:subfield code="c">2009</marc:subfield>
   </marc:datafield>
   <marc:datafield ind1="1" ind2=" " tag="520">
      <marc:subfield code="a">Angaben aus der Verlagsmeldung

Wie wir werden, was wir sind : Eltern sind wichtiger als Gene - wie unser Bewusstsein das Wesen unserer Kinder bestimmt / von Bruce Lipton

Die "Programmierungen" durch unsere Eltern haben fundamentale Bedeutung für unsere Gesundheit, unser Verhalten, unsere Einstellungen und unsere Beziehungen! In einem bildreichen, leicht verständlichen Vortrag erläutert der Zellbiologe und Pionier der prä- und perinatalen Entwicklung Dr. Bruce Lipton aus Sicht der neuen Wissenschaft den Mechanismus, durch den sich die Überzeugungen und Emotionen der Eltern auf die Entwicklung des genetischen Codes der Kinder auswirken.
Unsere prä- und perinatalen Erfahrungen bilden eine Art biologischer Vorgabe, die alle späteren Gefühle und Einstellungen im Hinblick auf uns selbst, unsere zwischenmenschlichen Beziehungen und unsere Verbindung zu Himmel und Erde bestimmt. Das Wissen um die Mechanismen kann uns davor bewahren, weiteren Schaden anzurichten; es hilft uns, jene Bereiche unseres Denkens und unseres Fühlens zu heilen, in denen wir selbst durch unsere Programmierungen eingeschränkt sind.
</marc:subfield>
   </marc:datafield>
   <marc:datafield ind1=" " ind2=" " tag="020">
      <marc:subfield code="a">9783867281041</marc:subfield>
      <marc:subfield code="9">9783867281041</marc:subfield>
   </marc:datafield>
   <marc:datafield ind1=" " ind2=" " tag="041">
      <marc:subfield code="a">ger</marc:subfield>
   </marc:datafield>
</marc:record>
